vufinder Bibliothèque Municipale de Charleval de Provence
Se connecter

plumes d'Eros (Les)

Book Cover
Auteur principal: Bernard Noël
Support: Livres
Langue: Francais
Publié: 2010 POL Paris
Series: Oeuvres
Genre: Documentaire
Collection: Fiction
Sujets:
Étiquettes: Ajouter
Pas de Tags !

LEADER 00857nam0a2200253 450
001 16830490
010 |a 978-2-84682-349-4  |b Br.  |d 26 € 
100 |a 20100122d2010 u u0frey01 ba 
101 0 |a fre 
102 |a FR 
200 0 |a plumes d'Eros (Les)  |f Bernard Noël 
207 1 |a   
210 |a Paris  |b 26 rue Jacob.  |c POL  |d 2010 
215 |a 435 p.  |d 23 x 14 cm 
225 1 |a Fiction  |x 1956-0982 [sic] 
327 |a L'amour blanc ; Le cri et la figure,L'oiseau de craie 
330 |a Recueil d'écrits érotiques de B. Noël : poèmes, essais, récits, etc. 
461 0 |t Oeuvres  |v 1 
464 |a L'amour blanc ; Le cri et la figure 
464 |a L'oiseau de craie 
700 0 |a Noël  |b Bernard  |4 70 
900 |a Documentaire 
901 |a Accessible au prêt 
995 |a BD 13  |b 156  |c Bibliothèque  |f 00156007272032  |h 00156007272032  |k 840 NOE 1  |o p  |q a  |r az  |e BD 13 

Options de recherche

Historique de recherche
Recherche avancée

Trouver plus

Nouveautés

Besoin d'aide ?

Contacter un bibliothécaire